Famous 'Re' People by Picture Quiz Stats

 Plays Quiz Updated Mar 14, 2018

Challenge
Share
Tweet
Score 0/20 Timer 05:00
5 Plays Today
% Correct
Ronald Reagan
95.7%
Keanu Reeves
90.6%
Ryan Reynolds
86.7%
Robert Redford
78.4%
Eddie Redmayne
57.9%
Jeremy Renner
56.1%
Rob Reiner
51.1%
John C. Reilly
50%
Rembrandt
47.8%
Tara Reid
46.9%
% Correct
Jean Reno
43.5%
Lou Reed
41.2%
Paul Reubens
38.8%
Vanessa Redgrave
36.9%
Leah Remini
36.4%
Judge Reinhold
30.1%
Otis Redding
22.3%
Helen Reddy
14.4%
Judy Reyes
12.1%
Bar Refaeli
6.8%

You're not logged in!

Compare scores with friends on all Sporcle quizzes.
Join for Free
OR
Log In

You Might Also Like...

Show Comments

Extras

Top Quizzes Today


Score Distribution

Your Account Isn't Verified!

In order to create a playlist on Sporcle, you need to verify the email address you used during registration. Go to your Sporcle Settings to finish the process.

Report this User

Report this user for behavior that violates our Community Guidelines.

Details: